Vrai ou Faux (Géographie click quiz) - Statistiques

Statistiques générales
  • Ce quiz a été pris 195 fois
  • Le résultat moyen est 13 sur 20
Statistiques - réponses
Hint Explanation Réponse % Correct
Les îles Diomède situées au milieu du détroit de Béring, entre la Sibérie et l’Alaska, sont distantes d'environ 3km mais on un décalage horaire de 21h Parce que la ligne de changement de date a été établie entre elles Vrai
89%
La Colombie-Britannique se trouve en Colombie La Colombie-Britannique se trouve au Canada Faux
88%
Toronto est la capitale du Canada C'est Ottawa Faux
85%
Le Texas est plus grand que la France Texas 695 662 km², France 551 695 km² Vrai
84%
La Guinée, la Guinée-Bissau et la Guinée Equatoriale sont limitrophes entre les 3 Juste la Guinée et la Guinée-Bissau Faux
83%
Luçon est un île des Philippines et une ville de Vendée Luçon la plus grande et plus peuplée des îles des Philippines et Luçon une ville de Vendée d'environ 9 000 habitants Vrai
78%
La Mongolie-Intérieure est une Région de la Chine Vrai
73%
L'île de la Géorgie du Sud, est une île située au large de l'état de Géorgie aux Etats-Unis Elle se situe dans le sud de l'Océan Atlantique et forme avec les îles Sandwich du Sud un Territoire Britannique d'Outre-Mer Faux
72%
Wellington est la capitale la plus au sud du Monde 41° 18′ S, 174° 47′ E. Vrai
71%
La Nouvelle-Bretagne est une île au large de l'Angleterre C'est une île de la Papouasie-Nouvelle-Guinée Faux
68%
Brest en Biélorussie est plus peuplée que Brest en France Environ 344 000 habitants Brest (Biélorussie) 140 000 Brest (France) Vrai
66%
La Corée du Nord est plus grande que la Corée du Sud Corée du Nord 120 540 km², Corée du Sud 100 210 km² Vrai
63%
La Volga est le plus long fleuve d'Europe Vrai
61%
Le Mexique est plus grand que le Groenland Groenland 2 166 000 km², Mexique 1 973 000 km² Faux
58%
Le Tropique du Cancer traverse l'Australie C'est celui du Capricorne Faux
57%
La Thaïlande et le Vietnam sont frontalier et non... Faux
55%
Ibiza est la plus grande île de Baléares C'est Majorque Faux
54%
L'île Kaffeklubben (Groenland) est le lieu le plus au Nord du Monde Vrai
53%
Le Bahreïn est une île Et oui Vrai
44%
Johannesbourg est l'une des 3 capitales de l'Afrique du Sud Le Cap - Bloemfontein - Pretoria Faux
32%
Aucun quiz correspondant
Distribution des résultats
% des personnes avec chaque résultat
Percentile par nombre de réponses
Votre historique - résultats
Vous n’avez pas pris ce quiz